[Event "Championnat de France - Open A"]
[Site "Chartres"]
[Date "2005.??.??"]
[Round "8.10"]
[White "Chaillot, Alain"]
[Black "Fischer, Marc"]
[Result "0-1"]
[WhiteElo "2109"]
[BlackElo "2136"]
[PlyCount "80"]
[EventDate "2005.??.??"]

1. c4 e5 2. Nc3 Nf6 3. e4 Bb4 4. Nge2 c6 5. Qb3 Na6 6. Ng3 O-O 7. Be2 Bxc3 8.
dxc3 Nc5 9. Qc2 d5 10. cxd5 cxd5 11. exd5 Qxd5 12. O-O Bg4 13. Rd1 Qe6 14. f3
Bh5 15. Nxh5 Nxh5 16. Be3 Qc6 17. Bf1 Nf6 18. Qf2 b6 19. Qg3 e4 20. Bd4 exf3
21. gxf3 Nh5 22. Qg4 Nf6 23. Qg5 Ne6 24. Qh4 Nxd4 25. Qxd4 Rac8 26. Rd3 Qb5 27.
Rd2 Qf5 28. Rg2 Qxf3 29. Be2 Qd5 30. Qh4 Ne8 31. Rd1 Qc5+ 32. Rd4 g6 33. Rg3
Ng7 34. Bg4 Rce8 35. b4 Qe5 36. Qh6 Qe1+ 37. Kg2 Re2+ 38. Kh3 Qf1+ 39. Kh4
Rxh2+ 40. Rh3 Qf2+ 0-1

[Event "Championnat de France - Open B"]
[Site "Chartres"]
[Date "2005.08.??"]
[Round "8.1"]
[White "Petitjean, Pierre"]
[Black "Zermiche, Cherif"]
[Result "0-1"]
[WhiteElo "1985"]
[BlackElo "1971"]
[PlyCount "106"]
[EventDate "2005.??.??"]

1. g3 g6 2. Bg2 Bg7 3. Nf3 c5 4. O-O Nc6 5. d3 d6 6. e4 e5 7. Nc3 Nge7 8. Be3
Rb8 9. Nd2 O-O 10. f4 Be6 11. Kh1 b5 12. f5 b4 13. fxe6 bxc3 14. exf7+ Rxf7 15.
Rxf7 Kxf7 16. bxc3 Kg8 17. Bh3 Qa5 18. Nc4 Qc7 19. Be6+ Kh8 20. h4 Nd8 21. Bh3
d5 22. Nd2 Nf7 23. Be6 d4 24. cxd4 cxd4 25. Bg1 Nd6 26. Bb3 Nb5 27. Nc4 Rf8 28.
Qg4 Ng8 29. Qe6 Nh6 30. Nd2 Qd8 31. Kg2 Nc7 32. Qh3 Ne8 33. g4 Rf4 34. g5 Ng4
35. Rf1 Qd7 36. Rxf4 exf4 37. Nf3 Ne3+ 38. Bxe3 Qxh3+ 39. Kxh3 dxe3 40. Kg2 Bc3
41. Kf1 Nd6 42. Ke2 Nb5 43. e5 Kg7 44. e6 Kf8 45. Bc4 Nd6 46. a4 Ke7 47. Ba6
Kxe6 48. d4 Ba5 49. Kd3 Kf5 50. Ne5 Be1 51. Nf3 Bf2 52. c4 Kg4 53. Ke2 Ne4 0-1

[Event "Championnat de France - Open B"]
[Site "Chartres"]
[Date "2005.08.24"]
[Round "8.2"]
[White "Charpentier, Denis"]
[Black "Pantioukhine, Slava"]
[Result "0-1"]
[WhiteElo "1917"]
[BlackElo "1989"]
[PlyCount "96"]
[EventDate "2005.??.??"]

1. e4 Nf6 2. Nc3 d5 3. exd5 Nxd5 4. Bc4 Nb6 5. Bb3 Nc6 6. Nf3 Bf5 7. O-O e6 8.
h3 Be7 9. d3 O-O 10. Bf4 Rc8 11. Re1 Nb4 12. Qe2 c6 13. Rad1 N4d5 14. Nxd5 Nxd5
15. Be5 Bf6 16. d4 b5 17. c3 a5 18. a3 Nb6 19. Bxf6 Qxf6 20. Ne5 Rfd8 21. Bc2
Nd7 22. a4 Bxc2 23. Qxc2 Nxe5 24. Rxe5 Rd5 25. Rxd5 exd5 26. Qe2 Qe6 27. Qxe6
fxe6 28. Ra1 Rb8 29. b4 axb4 30. cxb4 bxa4 31. Rxa4 Kf7 32. g4 Kf6 33. f4 g5
34. fxg5+ Kxg5 35. Kf2 Kh4 36. Ke3 Kg3 37. g5 Rb7 38. h4 Kxh4 39. Kf4 Rf7+ 40.
Ke5 Kxg5 41. Kxe6 Rf6+ 42. Ke5 h5 43. Ra6 h4 44. b5 Rf5+ 45. Ke6 cxb5 46. Ra5
h3 47. Rxb5 h2 48. Rb1 Kg4 0-1

[Event "Championnat de France - Open B"]
[Site "Chartres"]
[Date "2005.08.24"]
[Round "8.3"]
[White "Vandervorst, Marc"]
[Black "Bleuzen, Cedric"]
[Result "0-1"]
[WhiteElo "1945"]
[BlackElo "1935"]
[PlyCount "114"]
[EventDate "2005.??.??"]

1. e4 e6 2. d4 d5 3. Nc3 Bb4 4. e5 c5 5. Bd2 Bxc3 6. Bxc3 Qc7 7. dxc5 Ne7 8.
Nf3 Qxc5 9. Qd4 Qxd4 10. Nxd4 a6 11. f4 Nbc6 12. Bd3 Bd7 13. a3 Rc8 14. O-O
Nxd4 15. Bxd4 Nf5 16. Bxf5 exf5 17. c3 Be6 18. Kf2 g6 19. h4 h5 20. g3 Kd7 21.
Rac1 Rc6 22. Ke3 Rhc8 23. Rfd1 Ke7 24. b4 Bd7 25. a4 Rc4 26. a5 Ke6 27. Rd2 Bb5
28. Kf2 Rxb4 29. Ra1 Rb3 30. Ke1 Rc4 31. Kf2 Bc6 32. Ke1 Ra4 33. Rda2 Rxa2 34.
Rxa2 Bb5 35. Kd2 Rb1 36. Bf2 Bc4 37. Rc2 Bb3 38. Rc1 Rb2+ 39. Ke1 Bc4 40. Bd4
Re2+ 41. Kd1 Rg2 42. Bb6 Rxg3 43. Bd8 Rg2 44. Ke1 Kd7 45. Bb6 Kc6 46. Bd8 Bd3
47. Rd1 Bb5 48. Rd2 Rg1+ 49. Kf2 Rf1+ 50. Ke3 Rc1 51. e6 Rxc3+ 52. Kd4 Rc4+ 53.
Ke5 Re4+ 54. Kf6 Rxe6+ 55. Kxf7 Re2 56. Rd4 Re4 57. Bf6 Be2 0-1

[Event "Championnat de France - Open B"]
[Site "Chartres"]
[Date "2005.08.24"]
[Round "8.4"]
[White "Aristegui, Michel"]
[Black "Elice, Florent"]
[Result "1-0"]
[WhiteElo "1900"]
[BlackElo "1930"]
[PlyCount "151"]
[EventDate "2005.??.??"]

1. Nf3 Nf6 2. c4 e6 3. g3 b6 4. Bg2 Bb7 5. O-O Be7 6. b3 O-O 7. Bb2 d6 8. d3
Nbd7 9. Nbd2 Re8 10. Qc2 c5 11. Rac1 d5 12. Ne5 Nxe5 13. Bxe5 Bd6 14. Bb2 Rb8
15. cxd5 exd5 16. e4 d4 17. h3 Nh5 18. Nc4 Bc7 19. Rce1 Qg5 20. Bc1 Qg6 21. Nd2
h6 22. Nf3 Bd8 23. g4 Nf6 24. Bf4 Nd7 25. Bxb8 Nxb8 26. Nh2 Na6 27. f4 Nb4 28.
Qd2 f6 29. a3 Na6 30. Nf3 Nc7 31. Nh4 Qf7 32. Nf5 Qd7 33. b4 Nb5 34. e5 fxe5
35. fxe5 Nc3 36. Bxb7 Qxb7 37. Nd6 Qc6 38. Nxe8 Qxe8 39. Rf5 Nd5 40. bxc5 Ne3
41. Rxe3 dxe3 42. Qxe3 bxc5 43. Qf4 Bg5 44. Qc4+ Kh7 45. e6 Be3+ 46. Kf1 Bd4
47. Rxc5 Bxc5 48. Qxc5 Qa4 49. Qe3 Qd1+ 50. Kf2 Qc2+ 51. Kf3 Qd1+ 52. Kg3 Qb1
53. e7 Qb8+ 54. Kf3 Qe8 55. Qe4+ Kg8 56. Qe6+ Qf7+ 57. Qxf7+ Kxf7 58. Ke4 Kxe7
59. Kf5 Kf7 60. d4 g6+ 61. Ke5 Ke7 62. h4 a5 63. d5 a4 64. d6+ Kd7 65. Kf6 g5
66. hxg5 hxg5 67. Kxg5 Kxd6 68. Kf6 Kc5 69. g5 Kc4 70. g6 Kb3 71. g7 Kxa3 72.
g8=Q Kb2 73. Qg2+ Kb3 74. Qf3+ Kb2 75. Qe2+ Kb3 76. Qb5+ 1-0

[Event "Championnat de France - Open B"]
[Site "Chartres"]
[Date "2005.??.??"]
[Round "8.6"]
[White "Mestdagh, Franck"]
[Black "Guerande, Pierre-Franck"]
[Result "1-0"]
[WhiteElo "1924"]
[BlackElo "1890"]
[PlyCount "68"]
[EventDate "2005.??.??"]

1. d4 d5 2. Nf3 Nf6 3. g3 g6 4. Bg2 Bg7 5. O-O O-O 6. c4 b6 7. Nc3 Bb7 8. Ne5
Ne4 9. Nxd5 e6 10. Nf4 Nd7 11. Nxd7 Qxd7 12. d5 Nc5 13. Qc2 exd5 14. cxd5 Rfe8
15. Rb1 a5 16. Be3 Na6 17. a3 Rac8 18. Rfd1 Qd6 19. h4 Re7 20. Nd3 Rxe3 21.
fxe3 Qxg3 22. Nf2 Bh6 23. Qe4 Bxe3 24. Qf3 Qe5 25. Kf1 f5 26. Nd3 Qe7 27. Qg3
f4 28. Qg4 Kg7 29. Ke1 Rf8 30. d6 cxd6 31. Bh3 Rf5 32. Nf2 f3 33. Qg3 Bf4 34.
Qg1 Qxe2# 1-0

[Event "Championnat de France - Open B"]
[Site "Chartres"]
[Date "2005.??.??"]
[Round "8.7"]
[White "Schmittheisler, Guillaume"]
[Black "Grego, Pierre"]
[Result "0-1"]
[WhiteElo "1730"]
[BlackElo "1913"]
[PlyCount "184"]
[EventDate "2005.??.??"]

1. Nf3 f5 2. c4 Nf6 3. g3 g6 4. b3 Bg7 5. Bb2 O-O 6. Bg2 d6 7. d4 c6 8. O-O Na6
9. e3 Nc7 10. Nc3 Qe8 11. Ne2 Bd7 12. Nf4 Rd8 13. d5 c5 14. Ng5 Rb8 15. Qd2 Qc8
16. Rab1 Re8 17. Rfe1 h6 18. Nge6 Nxe6 19. Nxe6 Bxe6 20. Bxf6 Bxf6 21. dxe6 Qc7
22. e4 Bg5 23. f4 Bf6 24. exf5 Bd4+ 25. Kf1 gxf5 26. Qc2 Rf8 27. Ke2 Rf6 28.
Kd1 Qc8 29. a3 Qe8 30. Bf3 b5 31. Qd3 bxc4 32. Qxc4 Qb5 33. Kc2 Qa5 34. a4 Qb4
35. Qxb4 Rxb4 36. Bg2 Kg7 37. Re2 Rf8 38. Ree1 Rfb8 39. Bd5 a5 40. Re2 Kf6 41.
Rg2 Rg8 42. Kd3 Rg6 43. Rf1 h5 44. h4 Kg7 45. Rf3 Bf6 46. Bc4 Kh6 47. Ke2 Bd4
48. Rf1 Rb8 49. Kf3 Rd8 50. Re1 d5 51. Bb5 Rd6 52. Rge2 Bc3 53. Rd1 d4 54. Bc4
Bb4 55. Re5 Rf6 56. Rd3 Rd8 57. Re2 Rff8 58. Re5 Kg6 59. Re2 Kf6 60. Rg2 Ba3
61. Rdd2 Bc1 62. Rd1 Be3 63. Rd3 Rg8 64. Rd1 Rg4 65. Re1 Rdg8 66. Ree2 R8g7 67.
Bd5 Bc1 68. Rc2 Ba3 69. Bc4 Rg8 70. Ra2 Bb4 71. Ra1 Rd8 72. Rd1 Rdg8 73. Rd3
Be1 74. Rd1 Bxg3 75. Rh1 Bxf4 76. Rxg4 Rxg4 77. Rh3 Bd6 78. Rh1 Rg3+ 79. Ke2 f4
80. Ke1 Kf5 81. Ke2 f3+ 82. Kf2 Kf4 83. Bd5 Rg2+ 84. Kf1 d3 85. Rh3 Rg3 86. Rh2
Ke3 87. b4 cxb4 88. Bb3 d2 89. Bd1 Bc5 90. Rg2 Rh3 91. Rg1 f2 92. Rg3+ Rxg3 0-1

[Event "Championnat de France - Open B"]
[Site "Chartres"]
[Date "2005.??.??"]
[Round "8.8"]
[White "Bleuzen, Erwan"]
[Black "Studer, Vital Alexander"]
[Result "0-1"]
[WhiteElo "1994"]
[BlackElo "1499"]
[PlyCount "66"]
[EventDate "2005.??.??"]

1. d4 c5 2. d5 e5 3. Nc3 d6 4. e4 g6 5. Nf3 Bg7 6. Bb5+ Bd7 7. a4 Nf6 8. O-O
O-O 9. Re1 Bg4 10. Be2 Nh5 11. h3 Bxf3 12. Bxf3 Nf4 13. Ne2 Qg5 14. Kh2 Qh4 15.
Nxf4 exf4 16. Ra3 Nd7 17. c3 Qxf2 18. Bxf4 Be5 19. Bxe5 Nxe5 20. Be2 Qf4+ 21.
Kh1 Qxe4 22. Bf3 Qh4 23. Re4 Qe7 24. Rb3 b6 25. Be2 Rab8 26. Bb5 f5 27. Re1 f4
28. c4 Kh8 29. Ra3 a5 30. Rf3 Qh4 31. Rxe5 dxe5 32. Qe2 Qf6 33. Qe4 Qf5 0-1

[Event "Championnat de France - Open B"]
[Site "Chartres"]
[Date "2005.??.??"]
[Round "8.9"]
[White "Blot, David"]
[Black "Vlahovic, Dimitri"]
[Result "0-1"]
[WhiteElo "1992"]
[BlackElo "1884"]
[PlyCount "80"]
[EventDate "2005.??.??"]

1. e4 e6 2. d4 d5 3. Nc3 Nc6 4. e5 g6 5. Nf3 h5 6. Bf4 Nh6 7. Qd2 Nf5 8. O-O-O
a6 9. Kb1 Bb4 10. h3 b5 11. Be2 Bb7 12. g4 Nfe7 13. Ng5 h4 14. Nf3 Ng8 15. Ng5
Qd7 16. Be3 O-O-O 17. f4 Kb8 18. Bf2 f6 19. exf6 Nxf6 20. Qd3 Bxc3 21. Qxc3 Ne4
22. Nxe4 dxe4 23. Qe1 Qh7 24. Rg1 Ne7 25. Bf1 Nd5 26. Qd2 Qf7 27. Qe1 Qe7 28.
Bg2 Nxf4 29. Bf1 g5 30. Be3 Rhf8 31. Qd2 e5 32. Qc3 Rd5 33. Re1 Rfd8 34. dxe5
Rd1+ 35. Rxd1 Rxd1+ 36. Bc1 Ne2 37. Bxe2 Rxg1 38. Qe3 Rh1 39. c4 Qxe5 40. cxb5
axb5 0-1

[Event "Championnat de France - Open B"]
[Site "Chartres"]
[Date "2005.08.24"]
[Round "8.30"]
[White "Pokee, Anne"]
[Black "Conchon, Jean-Paul"]
[Result "1-0"]
[WhiteElo "1990"]
[BlackElo "1820"]
[PlyCount "73"]
[EventDate "2005.??.??"]

1. e4 d6 2. d4 Nf6 3. Nc3 g6 4. f4 Bg7 5. Nf3 c5 6. d5 O-O 7. Be2 a6 8. a4 b6
9. O-O Bb7 10. Ng5 Nbd7 11. h4 h5 12. f5 Qc8 13. fxg6 fxg6 14. Ne6 Rf7 15. Bf4
Nf8 16. Ng5 N8d7 17. Nxf7 Kxf7 18. g4 hxg4 19. Bxg4 Kg8 20. Be6+ Kh7 21. Rf2
Qe8 22. Bg5 Ne5 23. Rh2 Nh5 24. Bg4 Nxg4 25. Qxg4 Bc8 26. Qf3 Bd4+ 27. Be3 Be5
28. Rg2 Bf6 29. Bg5 Bd4+ 30. Kh1 Bd7 31. Rf1 Kg7 32. Ne2 Be5 33. Bxe7 Qxe7 34.
Qxh5 Be8 35. Qg4 Bf7 36. Rgf2 Rh8 37. Rxf7+ 1-0

[Event "Championnat de France - Open C"]
[Site "Chartres"]
[Date "2005.??.??"]
[Round "8.1"]
[White "Mopin, Stephane"]
[Black "Eber, Raoul"]
[Result "0-1"]
[WhiteElo "1700"]
[BlackElo "1480"]
[PlyCount "61"]
[EventDate "2005.??.??"]

1. e4 e6 2. d4 d5 3. exd5 exd5 4. Nf3 Nf6 5. Bd3 Bd6 6. O-O O-O 7. Re1 Bg4 8.
h3 Bh5 9. Bg5 Nbd7 10. g4 Bg6 11. Bxg6 fxg6 12. Qd3 c6 13. Nbd2 Qc7 14. Re2
Rae8 15. Rae1 Qb8 16. Kg2 Rxe2 17. Rxe2 Re8 18. Re3 Rxe3 19. Qxe3 Qe8 20. Qxe8+
Nxe8 21. a4 h6 22. Bd8 Kf7 23. Nh4 Nef6 24. Kf3 Nf8 25. Nb3 b6 26. a5 N6d7 27.
axb6 axb6 28. Ng2 g5 29. h4 Ne6 30. hxg5 hxg5 31. Ne3 0-1

[Event "Championnat de France - Open C"]
[Site "Chartres"]
[Date "2005.??.??"]
[Round "8.2"]
[White "Clementiaux, Lucas"]
[Black "Jophe, Jacky"]
[Result "0-1"]
[WhiteElo "1640"]
[BlackElo "1700"]
[PlyCount "114"]
[EventDate "2005.??.??"]

1. e4 c6 2. Nf3 d5 3. exd5 cxd5 4. d4 Nc6 5. Bf4 Qb6 6. Nc3 Nf6 7. Nb5 e5 8.
Nxe5 a6 9. Nxc6 axb5 10. Qe2+ Be6 11. Qxb5 Qxc6 12. Qb3 Bd7 13. a4 Be7 14. Bb5
Qe6+ 15. Be3 Bxb5 16. Qxb5+ Qc6 17. Qxc6+ bxc6 18. O-O O-O 19. Rfe1 Bd6 20. f3
Rfe8 21. h3 Bg3 22. Re2 Ra7 23. a5 Rae7 24. a6 Ra7 25. Kf1 Rea8 26. Bf2 Bd6 27.
Bh4 Rxa6 28. Rxa6 Rxa6 29. Bxf6 gxf6 30. Re8+ Kg7 31. Rc8 Bg3 32. Ke2 f5 33.
Ke3 f4+ 34. Kd3 Rb6 35. b3 h5 36. Rc7 Kf6 37. Kc3 Bf2 38. Kd3 Ke6 39. Kc3 Kf6
40. Kd3 Kg6 41. Kc3 f6 42. Kd3 Bh4 43. b4 Bg3 44. c3 Kf5 45. Rh7 h4 46. Ra7 Ke6
47. Ra2 Kd6 48. Ra4 Rb7 49. Ra2 Re7 50. Kd2 Kc7 51. Ra7+ Kd6 52. Ra6 Rb7 53.
Ra2 Kc7 54. Kc2 Kb6 55. Kb2 Re7 56. Kc1 Ra7 57. Rb2 Kb5 {
et gain noir au 61e coup.} 0-1

[Event "Championnat de France - Open C"]
[Site "Chartres"]
[Date "2005.??.??"]
[Round "8.3"]
[White "Pertuisot, Daniel"]
[Black "Ababsa, Tufek"]
[Result "1/2-1/2"]
[WhiteElo "1690"]
[BlackElo "1700"]
[PlyCount "131"]
[EventDate "2005.??.??"]

1. d4 d5 2. Nf3 Nf6 3. c3 Bf5 4. e3 Nbd7 5. Nbd2 h6 6. b4 e6 7. Bb2 Bd6 8. Be2
O-O 9. O-O e5 10. dxe5 Nxe5 11. Nxe5 Bxe5 12. Nf3 Bd6 13. a3 a5 14. Qb3 a4 15.
Qd1 c5 16. bxc5 Bxc5 17. c4 dxc4 18. Nd4 Bxd4 19. Bxd4 b5 20. Qd2 Qe7 21. Qb2
Rab8 22. Bc3 Rfd8 23. Rfd1 Ne8 24. Rxd8 Qxd8 25. Rd1 Qc8 26. Be5 Rb7 27. Qb4
Be4 28. Qc3 Rd7 29. Rd4 Bc6 30. Bg4 Rxd4 31. Qxd4 f5 32. Bh5 Qd7 33. Qxd7 Bxd7
34. Bxe8 Bxe8 35. Bc3 Kf7 36. h4 g5 37. hxg5 hxg5 38. Kf1 Ke6 39. Ke1 g4 40. g3
Bc6 41. Ke2 Be4 42. Kd2 Kd5 43. Bb4 Bd3 44. Bc3 Bf1 45. Bb4 Ke4 46. Bc3 Kf3 47.
Ke1 Bg2 48. Bb4 Ke4 49. Kd2 Bf1 50. Bc3 Kf3 51. Ke1 Bd3 52. Bb4 Ke4 53. Bc3 Bb1
54. Bb4 Kf3 55. Kd1 Bd3 56. Bc3 Ke4 57. Bb4 Bf1 58. Kd2 Kf3 59. Ke1 Bd3 60. Bc3
Ke4 61. Kd2 Bb1 62. Bb4 Kf3 63. Ke1 Ke4 64. Kd2 Bd3 65. Bc3 Kf3 66. Kd1 1/2-1/2

[Event "Championnat de France - Open C"]
[Site "Chartres"]
[Date "2005.??.??"]
[Round "8.4"]
[White "Falais, Jean-Francois"]
[Black "Larribere, Hadrien"]
[Result "1-0"]
[WhiteElo "1700"]
[BlackElo "1670"]
[PlyCount "83"]
[EventDate "2005.??.??"]

1. d4 Nf6 2. c4 e6 3. Nc3 c5 4. d5 exd5 5. Nxd5 Nxd5 6. Qxd5 d6 7. Nf3 h6 8.
Bd2 Nc6 9. a3 a5 10. e3 Be7 11. Bc3 Bf6 12. Qd2 O-O 13. Bd3 Be6 14. Rc1 a4 15.
Bxf6 Qxf6 16. Qc3 Qd8 17. O-O Na5 18. Nd2 Qg5 19. f4 Qd8 20. f5 Bd7 21. f6 g6
22. Rf3 Nc6 23. Rg3 Ne5 24. Rf1 h5 25. Ne4 Qc7 26. Rf4 Ng4 27. h3 Nxe3 28. Qd2
d5 29. Qxe3 dxe4 30. Rxe4 Ra6 31. Rf3 Qd8 32. Qg5 Re8 33. Ref4 Ree6 34. Bxg6
Rxf6 35. Rxf6 Rxf6 36. Rxf6 Be6 37. Bxf7+ Kf8 38. Bxe6+ Ke7 39. Qg7+ Kd6 40.
Bd5+ Ke5 41. Qg5+ Kd4 42. Rf4+ 1-0

[Event "Championnat de France - Open C"]
[Site "Chartres"]
[Date "2005.??.??"]
[Round "8.5"]
[White "Amatucci, Bruno"]
[Black "Jorda, Thomas"]
[Result "0-1"]
[WhiteElo "1650"]
[BlackElo "1700"]
[PlyCount "76"]
[EventDate "2005.??.??"]

1. c4 Nf6 2. d4 g6 3. Nc3 d5 4. e3 Bg7 5. h3 O-O 6. Nf3 c5 7. Be2 Nc6 8. O-O
Be6 9. Ng5 cxd4 10. cxd5 Bxd5 11. exd4 Qb6 12. Re1 Rad8 13. Nxd5 Nxd5 14. Nf3
Nxd4 15. Bc4 Nxf3+ 16. Qxf3 e6 17. Rb1 Qb4 18. Bg5 Qxc4 19. Bxd8 Rxd8 20. Red1
Qxa2 21. Ra1 Qxb2 22. Rxa7 Qb6 23. Ra3 Qc5 24. Rb3 b5 25. Qd3 Rb8 26. Qd2 Qc4
27. Qa2 b4 28. Rdb1 Bc3 29. Qa7 Rf8 30. Qa2 Qd4 31. Qc2 Qd2 32. Qe4 Ra8 33. Qc4
Ra1 34. Rxa1 Bxa1 35. Rd3 Qe1+ 36. Kh2 Be5+ 37. Rg3 Bxg3+ 38. fxg3 Qc3 0-1

[Event "Championnat de France - Vétérans"]
[Site "Chartres"]
[Date "2005.08.24"]
[Round "8.1"]
[White "Goldenberg, Richard"]
[Black "Rosenfeld, Imre"]
[Result "1-0"]
[WhiteElo "2305"]
[BlackElo "2047"]
[PlyCount "71"]
[EventDate "2005.??.??"]

1. Nf3 d5 2. g3 c5 3. Bg2 Nc6 4. d4 e6 5. O-O Nf6 6. c4 dxc4 7. Qa4 Nd7 8. dxc5
Bxc5 9. Qxc4 O-O 10. Nc3 Be7 11. Rd1 Qa5 12. Bf4 Nb6 13. Qb5 Qxb5 14. Nxb5 Nd5
15. Bd6 Bxd6 16. Nxd6 Rd8 17. Nc4 b5 18. Nce5 Nxe5 19. Nxe5 Bb7 20. Rac1 Rac8
21. a3 Rxc1 22. Rxc1 f6 23. Nc6 Bxc6 24. Rxc6 Kf7 25. Ra6 Rd7 26. Bxd5 exd5 27.
Kg2 Kg6 28. Kf3 Kf5 29. Ra5 Rb7 30. b4 Ke5 31. Ke3 g5 32. Kd3 h5 33. h3 f5 34.
Ra6 Rc7 35. e3 Rf7 36. f4+ 1-0

[Event "Championnat de France - Vétérans"]
[Site "Chartres"]
[Date "2005.08.24"]
[Round "8.3"]
[White "Guillaumat, Jean-Pierre"]
[Black "Peyrin, Jean"]
[Result "0-1"]
[WhiteElo "2034"]
[BlackElo "2059"]
[PlyCount "84"]
[EventDate "2005.??.??"]

1. d4 Nf6 2. c4 e6 3. Nf3 Bb4+ 4. Bd2 Qe7 5. a3 Bxd2+ 6. Nbxd2 a5 7. g3 O-O 8.
Bg2 d6 9. O-O e5 10. Qc2 a4 11. e4 Bd7 12. Rac1 c5 13. d5 Na6 14. Nh4 Nc7 15.
Nf5 Bxf5 16. exf5 b5 17. Rfd1 bxc4 18. Nxc4 Nb5 19. Rd3 Nd4 20. Qd1 Rfb8 21. h3
Nxf5 22. b3 axb3 23. Rxb3 Rxb3 24. Qxb3 Nd4 25. Qb2 Nd7 26. Rb1 g6 27. Qd2 Ra4
28. Qd3 Ra7 (28... e4 29. Bxe4 Rxc4 30. Bg2 (30. Qxc4 Qxe4 31. Qa2 Nf3+ $19 32.
Kf1 Qxb1+ 33. Qxb1 Nd2+) 30... Ne5) 29. Kh1 f5 30. Qe3 Kg7 31. Rb2 Qf6 32. h4
h6 33. f3 g5 34. hxg5 hxg5 35. Bf1 g4 36. fxg4 fxg4 37. Rf2 Nf3 38. Bh3 gxh3
39. Rxf3 Qg6 40. Kh2 Nf6 41. Qe2 Ra4 42. Kxh3 Qg4+ 0-1

[Event "Championnat de France - Vétérans"]
[Site "Chartres"]
[Date "2005.08.24"]
[Round "8.4"]
[White "Lafitte, Jean"]
[Black "Gibson, John"]
[Result "0-1"]
[WhiteElo "1770"]
[BlackElo "1950"]
[PlyCount "110"]
[EventDate "2005.??.??"]

1. e4 d6 2. d4 g6 3. Nf3 Bg7 4. Bc4 e6 5. O-O a6 6. c3 b6 7. Qe2 Ne7 8. e5 d5
9. Bb3 Nd7 10. Bg5 h6 11. Be3 Bb7 12. Nbd2 Nf5 13. Rac1 b5 14. Ne1 Qe7 15. f4
Nxe3 16. Qxe3 c5 17. Bc2 Rc8 18. Nd3 c4 19. Nf2 b4 20. b3 a5 21. bxc4 Ba6 22.
cxb4 axb4 23. Bb3 Nb6 24. Rfe1 dxc4 25. Bd1 O-O 26. Be2 Nd5 27. Qg3 Nc3 28.
Rxc3 bxc3 29. Qxc3 Rc7 30. Nfe4 Rd8 31. Nc5 Rxc5 32. dxc5 Qxc5+ 33. Kh1 Qd4 34.
Qxd4 Rxd4 35. Nf3 Rxf4 36. Bf1 Bb7 37. Rc1 Bxf3 38. gxf3 Rxf3 39. Bxc4 Bxe5 40.
Rc2 Rc3 41. Rxc3 Bxc3 42. Kg2 Kf8 43. Kf3 Ke7 44. h3 f5 45. Bd3 e5 46. Bb5 Kf6
47. Be8 g5 48. Bh5 e4+ 49. Ke3 Ke5 50. Kf2 Kf4 51. Kg2 Ke3 52. Kg1 f4 53. Bg4
f3 54. Kf1 Kf4 55. Bd7 e3 0-1

[Event "Championnat de France - Vétérans"]
[Site "Chartres"]
[Date "2005.08.24"]
[Round "8.5"]
[White "Leitner, Walter"]
[Black "Guinovart, Jose"]
[Result "1-0"]
[WhiteElo "2097"]
[BlackElo "1944"]
[PlyCount "99"]
[EventDate "2005.??.??"]

1. d4 Nf6 2. c4 g6 3. Nc3 Bg7 4. g3 O-O 5. Bg2 d6 6. Nf3 c5 7. e3 Nc6 8. O-O
cxd4 9. Nxd4 Ng4 10. Nxc6 bxc6 11. Bd2 Ne5 12. b3 Bb7 13. f4 Nd7 14. Rc1 Nb6
15. Re1 d5 16. c5 Nd7 17. Ne2 e5 18. b4 Ba6 19. Bc3 Bxe2 20. Rxe2 Rb8 21. a3
Re8 22. Rcc2 Nf8 23. Qa1 Qc7 24. Rc1 Red8 25. Rd1 Ne6 26. fxe5 Re8 27. Rf2 Nd8
28. e4 dxe4 29. Rd6 Qe7 30. Bxe4 Rc8 31. Rfd2 Qg5 32. R2d3 Bf8 33. Rd7 a5 34.
Qd1 axb4 35. axb4 Ne6 36. h4 Qh6 37. Qf1 Qg7 38. Bg2 Re7 39. Qf6 Qxf6 40. exf6
Rxd7 41. Rxd7 h5 42. Bd2 Rd8 43. Bxc6 Rxd7 44. Bxd7 Bxc5+ 45. bxc5 Nxc5 46. Bc6
Ne6 47. Bd5 Nf8 48. Bc3 Nh7 49. Kg2 g5 50. Be4 1-0

[Event "Championnat de France - Vétérans"]
[Site "Chartres"]
[Date "2005.08.24"]
[Round "8.16"]
[White "Sebagh, William"]
[Black "Ancival, Lucien"]
[Result "1/2-1/2"]
[WhiteElo "1770"]
[BlackElo "2068"]
[PlyCount "47"]
[EventDate "2005.??.??"]

1. d4 Nf6 2. c4 g6 3. Nc3 d5 4. Bf4 Bg7 5. e3 e6 6. Nf3 O-O 7. Bd3 dxc4 8. Bxc4
a6 9. O-O Nbd7 10. Rc1 Nh5 11. Bg5 Qe8 12. e4 b5 13. Bd3 c6 14. e5 f6 15. exf6
Ndxf6 16. Re1 h6 17. Bd2 Nd7 18. Ne4 Nf4 19. Bxf4 Rxf4 20. Qc2 Nf8 21. Qxc6
Qxc6 22. Rxc6 Bb7 23. Rc7 Bd5 24. b3 1/2-1/2

[Event "Championnat de France - Accession"]
[Site "Chartres"]
[Date "2005.08.25"]
[Round "9.1"]
[White "Gharamian, Tigran"]
[Black "Libiszewski, Fabien"]
[Result "1/2-1/2"]
[WhiteElo "2412"]
[BlackElo "2413"]
[PlyCount "44"]
[EventDate "2005.??.??"]

1. c4 e6 2. g3 d5 3. Bg2 Nf6 4. Nf3 Be7 5. O-O dxc4 6. Qa4+ c6 7. Qxc4 b5 8.
Qc2 Bb7 9. d4 Nbd7 10. Nc3 a6 11. Rd1 c5 12. dxc5 Bxc5 13. Ne5 Bxg2 14. Kxg2
Ra7 15. f3 Qc8 16. Nxd7 Rxd7 17. Rxd7 Qxd7 18. Bg5 Be7 19. Bxf6 gxf6 20. Ne4
O-O 21. Rd1 Qc8 22. Qb3 f5 1/2-1/2

[Event "Championnat de France - Accession"]
[Site "Chartres"]
[Date "2005.08.25"]
[Round "9.2"]
[White "Chernuschevich, Alexei"]
[Black "Collas, Didier"]
[Result "0-1"]
[WhiteElo "2530"]
[BlackElo "2425"]
[PlyCount "36"]
[EventDate "2005.??.??"]

1. d4 d5 2. c4 e6 3. Nc3 c6 4. e3 Nf6 5. Nf3 Nbd7 6. Be2 Bd6 7. O-O O-O 8. b3
dxc4 9. bxc4 e5 10. Qc2 Re8 11. h3 exd4 12. exd4 Nf8 13. Bd3 Ng6 14. Rb1 Nf4
15. Bxf4 Bxf4 16. Bf5 b6 {=} 17. Rfe1 Rxe1+ 18. Rxe1 Ba6 {
sonnerie de portable....} 0-1

[Event "Championnat de France - Accession"]
[Site "Chartres"]
[Date "2005.08.25"]
[Round "9.3"]
[White "Onkoud, Abdelaziz"]
[Black "Bijaoui, Manuel"]
[Result "1/2-1/2"]
[WhiteElo "2361"]
[BlackElo "2338"]
[PlyCount "90"]
[EventDate "2005.??.??"]

1. e4 c5 2. Nf3 d6 3. d4 cxd4 4. Qxd4 Nc6 5. Bb5 Bd7 6. Bxc6 Bxc6 7. Nc3 Nf6 8.
Bg5 e6 9. O-O-O Be7 10. Kb1 O-O 11. Rhe1 Qc7 12. Qd2 Rfd8 13. Nd4 Rac8 14. f4
b5 15. e5 dxe5 16. fxe5 Nd5 17. Ne4 Be8 18. Bxe7 Qxe7 19. Nd6 Rc5 20. Qf2 Rxd6
21. exd6 Qxd6 22. Nf5 Qc7 23. Qd4 Nf6 24. Ne3 Kf8 25. Qd6+ Qxd6 26. Rxd6 g5 27.
Ra6 Rc7 28. Rf1 Ne4 29. Kc1 Nc5 30. Rd6 Ke7 31. Rd4 f5 32. Rxf5 exf5 33. Nd5+
Kd6 34. Nxc7+ Kxc7 35. Rd5 Ne4 36. Rxf5 Kd6 37. h4 gxh4 38. Rf4 Ke5 39. Rxh4
Bg6 40. Kd1 a6 41. Ke2 Ng3+ 42. Kd2 Nf1+ 43. Ke2 Ng3+ 44. Kd2 Nf1+ 45. Ke2 Ng3+
1/2-1/2

[Event "Championnat de France - Accession"]
[Site "Chartres"]
[Date "2005.08.25"]
[Round "9.4"]
[White "Prie, Eric"]
[Black "Edouard, Romain"]
[Result "0-1"]
[WhiteElo "2464"]
[BlackElo "2334"]
[PlyCount "78"]
[EventDate "2005.??.??"]

1. d4 Nf6 2. Nf3 e6 3. Bg5 Be7 4. Nbd2 d5 5. e3 O-O 6. Bd3 Nbd7 7. h4 c5 8. c3
Qc7 9. Bxf6 Nxf6 10. Ne5 Nd7 11. f4 f5 12. Ndf3 Nf6 13. Ng5 Bd6 14. Qe2 c4 15.
Bc2 b5 16. a3 a5 17. g4 Rb8 18. gxf5 exf5 19. Qg2 b4 20. axb4 axb4 21. h5 bxc3
22. bxc3 Rb2 23. Kd1 Qb7 24. Rg1 Bxe5 25. fxe5 Ne4 26. Nxe4 fxe4 27. Kc1 Kh8
28. Rb1 Rxb1+ 29. Bxb1 h6 30. Rf1 Rxf1+ 31. Qxf1 Qe7 32. Bc2 Bg4 33. Bd1 Qa3+
34. Kd2 Bxd1 35. Qf5 Ba4 36. Qc8+ Kh7 37. Qf5+ Kg8 38. Qe6+ Kf8 39. Qc8+ Be8
0-1

[Event "Championnat de France - Accession"]
[Site "Chartres"]
[Date "2005.08.25"]
[Round "9.5"]
[White "Housieaux, David"]
[Black "Gozzoli, Yannick"]
[Result "0-1"]
[WhiteElo "2329"]
[BlackElo "2444"]
[PlyCount "88"]
[EventDate "2005.??.??"]

1. d4 Nf6 2. c4 g6 3. Nc3 Bg7 4. e4 d6 5. Nf3 O-O 6. Be2 e5 7. O-O Na6 8. Be3
c6 9. d5 Ng4 10. Bg5 f6 11. Bc1 f5 12. Rb1 c5 13. Ng5 {=} 13... Nf6 14. Ne6
Bxe6 15. dxe6 Nc7 16. Bf3 Rb8 17. exf5 gxf5 18. Bd5 Nfxd5 19. cxd5 b5 20. b4
cxb4 21. Rxb4 a5 22. Rb3 b4 23. Ne2 Rb5 24. Rd3 f4 25. Qb3 Ne8 26. Nc3 Rb8 27.
Ne4 Nf6 28. Re1 Nxe4 29. Rxe4 Qb6 30. Qd1 Rbc8 31. Bb2 Qc5 32. Rd2 Rc7 33. h3
f3 34. Rg4 Kh8 35. gxf3 Bh6 36. Re2 Rxf3 37. Rg2 Rf8 38. Re1 Rg7 39. Re2 Rxg2+
40. Kxg2 Qc4 41. Rc2 Rg8+ 42. Kh1 Qe4+ 43. f3 Qf5 44. Rh2 Be3 0-1